| 000 | 01140nam a2200277 i 4500 | ||
|---|---|---|---|
| 001 | 187135 | ||
| 003 | SpMaBN | ||
| 005 | 20230906222826.0 | ||
| 008 | 170421s1993 sp |||| | spa d | ||
| 020 | _a84-87098-16-9 | ||
| 080 | _a008(460)"1975/..." | ||
| 080 | _a008:32(460)"1975/..." | ||
| 245 | 0 | 3 |
_aEl estado crítico de la cultura / _ccoordinador, Vicente Romano ; autores, Pablo Carbajosa, Tomás Alberich, Marian Cao ... [et al.]. |
| 260 |
_aMadrid : _bFundación de Investigaciones Marxistas, _c[1993] |
||
| 300 |
_a165 p. ; _c20 cm. |
||
| 490 | 1 |
_aComunicacion y cultura ; _v1 |
|
| 594 | _aRecoge las ponencias de las jornadas que con motivo de la celebración de "Madrid capital europea de la cultura", organizó la FIM entre feb. y marzo de 1992. | ||
| 651 | 7 |
_aEspaña- _xCivilización- _yS.XX. _98171 |
|
| 651 | 7 |
_aEspaña- _xPolítica cultural- _y1982-1996. _98402 |
|
| 700 | 1 |
_aRomano, Vicente. _999259 |
|
| 700 | 1 |
_aCarbajosa, Pablo. _934992 |
|
| 710 | 2 |
_aFundación de Investigaciones Marxistas. _94272 |
|
| 830 | 0 |
_aComunicacion y cultura ; _v1 _9225515 |
|
| 852 |
_aES-MaACL _jL-31458 |
||
| 999 |
_c187135 _d187135 |
||